Show me the numbers : designing tables and graphs to enlighten (Record no. 10888)
[ view plain ]
| 000 -LEADER | |
|---|---|
| fixed length control field | 00445 a2200157 4500 |
| 020 ## - INTERNATIONAL STANDARD BOOK NUMBER | |
| International Standard Book Number | 9780970601995 |
| 082 ## - DEWEY DECIMAL CLASSIFICATION NUMBER | |
| Classification number | 658.45 |
| 090 ## - LOCALLY ASSIGNED LC-TYPE CALL NUMBER (OCLC); LOCAL CALL NUMBER (RLIN) | |
| -- | 7083 |
| -- | 7083 |
| 100 ## - MAIN ENTRY--PERSONAL NAME | |
| Personal name | Few, Stephen |
| 245 ## - TITLE STATEMENT | |
| Title | Show me the numbers : designing tables and graphs to enlighten |
| Statement of responsibility, etc. | Stephen Few |
| 260 ## - PUBLICATION, DISTRIBUTION, ETC. | |
| Place of publication, distribution, etc. | California |
| Name of publisher, distributor, etc. | Analytic Press |
| Date of publication, distribution, etc. | 2004 |
| 300 ## - PHYSICAL DESCRIPTION | |
| Extent | 268 p. |
| 650 ## - SUBJECT ADDED ENTRY--TOPICAL TERM | |
| Topical term or geographic name entry element | Business presentations--Graphic methods |
| 700 ## - ADDED ENTRY--PERSONAL NAME | |
| Personal name | Stephen Few |
| 942 ## - ADDED ENTRY ELEMENTS (KOHA) | |
| Koha item type | Book |
| Call number prefix | 658.45 FEW |
| Withdrawn status | Lost status | Damaged status | Not for loan | Collection code | Permanent Location | Current Location | Shelving location | Date acquired | Source of acquisition | Cost, normal purchase price | Total Checkouts | Full call number | Barcode | Date last seen | Price effective from | Koha item type |
|---|---|---|---|---|---|---|---|---|---|---|---|---|---|---|---|---|
| Central Library (CL) | Central Library (CL) | General Stacks | 04/20/2012 | Global~Link Information Services | 3926.29 | 658.45 FEW | SEECS011237 | 11/14/2012 | 01/05/2017 | Book |
